000 00511cam a2200181ua 4500
041 _aeng
_h
082 _a028.7462
_bVAR/IN
100 _aVarma, C.V.J.
245 0 0 _aInternational conference on watershed management and conservation /
_cC V J Varma.
_hTextual Documents
250 _a1 /
_b.
260 _aNew Delhi :
_bCentral Board of Irrigation and Power (CBIP) ,
_c1998.
300 _a558 ; .
504 _a
700 1 _aMurthy, T S .
700 1 _aRao, A R .
942 _cBK
999 _c5537
_d5537